Финансовый анализ возможного увеличения доходности будущих пенсионеров; Математика в естественнонаучных исследованиях

Detalhes bibliográficos
Parent link:Математика в естественнонаучных исследованиях.— 2014.— [С. 121-124]
Autor principal: Ожогова О. В.
Autor Corporativo: Национальный исследовательский Томский политехнический университет (ТПУ) Юргинский технологический институт (ЮТИ)
Outros Autores: Лисачева Е. И.
Resumo:Заглавие с титульного экрана
Idioma:russo
Publicado em: 2014
coleção:Математическое моделирование технических и эколого-экономических систем
Assuntos:
Acesso em linha:http://earchive.tpu.ru/handle/11683/69552
http://www.lib.tpu.ru/fulltext/c/2014/C80/037.pdf
Formato: Recurso Eletrônico Capítulo de Livro
KOHA link:https://koha.lib.tpu.ru/cgi-bin/koha/opac-detail.pl?biblionumber=609165

MARC

LEADER 00000naa2a2200000 4500
001 609165
005 20231101132537.0
035 |a (RuTPU)RU\TPU\conf\6612 
035 |a RU\TPU\conf\6608 
090 |a 609165 
100 |a 20141028d2014 k y0rusy50 ca 
101 0 |a rus 
102 |a RU 
105 |a y z 101zy 
135 |a drcn ---uucaa 
181 0 |a i  
182 0 |a b 
200 1 |a Финансовый анализ возможного увеличения доходности будущих пенсионеров  |f О. В. Ожогова, Е. И. Лисачева 
203 |a Текст  |c электронный 
225 1 |a Математическое моделирование технических и эколого-экономических систем 
230 |a 1 компьютерный файл (pdf; 356 Кб) 
300 |a Заглавие с титульного экрана 
320 |a [Библиогр.: с. 124 (6 назв.)] 
337 |a Adobe Reader 
463 0 |0 (RuTPU)RU\TPU\conf\6235  |t Математика в естественнонаучных исследованиях  |o сборник трудов Всероссийской научно-практической конференции молодых ученых, аспирантов и студентов, г. Юрга, 9-10 октября 2014 г.  |f Томский политехнический университет (ТПУ), Юргинский технологический институт (ЮТИ) ; ред. кол. О. Б. Березовская и др.  |v [С. 121-124]  |d 2014 
610 1 |a труды учёных ТПУ 
610 1 |a электронный ресурс 
610 1 |a финансовый анализ 
610 1 |a доходность 
610 1 |a пенсионеры 
610 1 |a финансовая математика 
610 1 |a пенсионная система 
610 1 |a инвестирование 
700 1 |a Ожогова  |b О. В. 
701 1 |a Лисачева  |b Е. И. 
712 0 2 |a Национальный исследовательский Томский политехнический университет (ТПУ)  |b Юргинский технологический институт (ЮТИ)  |c (2009- )  |h 349  |2 stltpush  |3 (RuTPU)RU\TPU\col\15903 
801 2 |a RU  |b 63413507  |c 20220216  |g RCR 
856 4 |u http://earchive.tpu.ru/handle/11683/69552 
856 4 |u http://www.lib.tpu.ru/fulltext/c/2014/C80/037.pdf 
942 |c BK